00722pam a2200229 a 4500001000800000005001700008008004100025010001700066020002300083040001800106041000800124080001400132082001800146100000700164101000800171245006200179504006400241906004500305942001200350999001700362952011300379485197220180208091926.0910625s1992 njua b 001 0 eng  a 91025782  a0138197075 (paper) aDLCcDLCdDLC aeng a304.6 DAV00a304.6 DAV2201 a42 aSOC10aSociety and population /cDavid M. Heer, Jill S. Grigsby. aIncludes bibliographical references (p. 110-114) and index. a7bcbccorignewd1eocipf19gy-gencatlg 2ddccBK c42177d42177 00102udc40708PËKGa002b002cPËKGd2018-02-08l0o304.6 DAVp002-2998840r2018-02-08w2018-02-08yBK